|
|
|
|
| LEADER |
01177nam a22002291 4500 |
| 001 |
c000361077 |
| 003 |
CARM |
| 005 |
00000000000000.0 |
| 008 |
851113m18811889enk 00011 eng d |
| 019 |
1 |
|
|a 4140303
|5 LACONCORD2021
|
| 035 |
|
|
|a (OCoLC)219304795
|5 LACONCORD2021
|
| 100 |
1 |
|
|a Defoe, Daniel,
|d 1661?-1731.
|
| 240 |
1 |
0 |
|a Works
|
| 245 |
1 |
4 |
|a The novels and miscellaneous works of Daniel De Foe :
|b with prefaces and notes, including those attributed to Sir Walter Scott.
|
| 260 |
|
|
|a London :
|b Bell,
|c 1881,
|c 1889.
|
| 300 |
|
|
|a V.2, 5.
|
| 490 |
0 |
|
|a Bohn's standard library
|
| 505 |
0 |
|
|a Vol.2, Memoirs of a cavalier; Memoirs of Captain Carleton; Dickory Cronke; Everybody's business is nobody's business. 1889. Vol.5, History of the plague in London, 1665, to which is added The great fire of London, 1666, by an anonymous writer; The storm, 1703, with the essay in verse; The trueborn Englishman: a satire. 1881.
|
| 852 |
8 |
|
|b CARM
|h A1:AQ03G0
|i A04333
|p 0353140
|f BK
|
| 082 |
0 |
4 |
|a 823.5
|
| 999 |
f |
f |
|i 2b0976d9-ff7e-504e-bab5-272ff8e69862
|s 37a8550a-2889-58df-8dc3-3c804075ce80
|
| 952 |
f |
f |
|p Can circulate
|a CAVAL
|b CAVAL
|c CAVAL
|d CARM 1 Store
|e A04333
|f A1:AQ03G0
|h Other scheme
|i book
|m 0353140
|